[Event "Budapest FS02 GM"]
[Site "Budapest"]
[Date "2000.02.07"]
[Round "3"]
[White "Zhang, Pengxiang"]
[Black "Fogarasi, Tibor"]
[Result "0-1"]
[WhiteElo "2562"]
[BlackElo "2429"]
[Annotator "Ribli,Z"]
[PlyCount "76"]
[EventDate "2000.02.05"]
[EventType "tourn"]
[EventRounds "13"]
[EventCountry "HUN"]
[EventCategory "9"]
[SourceTitle "CBM 076"]
[Source "ChessBase"]
[SourceDate "2000.05.31"]
[SourceVersion "1"]
[SourceVersionDate "2000.05.31"]
[SourceQuality "1"]

1. e4 c5 2. Nf3 e6 3. d4 cxd4 4. Nxd4 Nc6 5. Nc3 Qc7 6. Be3 a6 7. Bd3 {Das ist
eine belibte Angriffsvariante - Weiß möchte sich anschließend mit 0-0 und
f2-f4 eine starke Angriffsstellung aufbauen.} Nf6 8. O-O Ne5 {Das ist die
prinzipielle Antwort. Schwarz möchte 9...Nfg4 ziehen und so die die weißen
Angriffsbemühungen stören. Anstelle der Partiefortsetzung sind auch die
Alternativen 8...b5, 8...Bd6, 8...h5, 8...Nxd4 spielbar.} 9. Nf3 {Das ist
Ponomariovs Lieblingsfortsetzung. Der wesentliche Vorteil dieses Zugs ist -
meiner Meinung nach -, dass Weiß die langen Hauptvarianten umgeht, dagegen bin
ich nicht davon überzeugt, dass dieser Zug auch objektiv stark ist.} (9. h3 Bc5
10. Kh1) (9. Be2 Bc5 10. f4 d6 $1 {Schwarz hat keine Angst vor 11.fxe5, weil
er mit 11.dxe5 die Figur zurückgewinnen kann.}) 9... Nfg4 (9... Ng6 10. Na4 b5
11. Nb6 Rb8 12. Nxc8 Qxc8 13. Bd4 Bc5 14. c3 d6 15. b4 Bb6 16. Rc1 {1/2-1/2
Ponomariov,R-Fressinet,L/Premier, Hastings ENG 1999 (71)}) (9... Bd6 10. Nxe5
Bxe5 11. f4 Bxc3 12. bxc3 Qxc3 13. e5 Nd5 14. Bd2 Qc5+ 15. Kh1 b5 16. f5 Bb7
17. fxe6 dxe6 18. Qg4 h5 19. Qxg7 O-O-O $13 {0-1 Jansa,V-Kveinys,A/Prague 1993/
CBM 37 (44)}) (9... d6 10. Nxe5 dxe5 11. Na4 $1 Bd7 (11... Nd7) 12. c4 Bc6 13.
Qc2 Qa5 14. Nc3 Bc5 15. Bxc5 Qxc5 16. a3 b6 17. b4 Qe7 18. f3 $14 {1/2-1/2
Ponomariov,R-Salov,V/Enghien-les-Bains 1999/CBM 70_07 (55)}) 10. Nxe5 {Das ist
das letzte Wort in der Theorie - früher spielte man das weniger gefährliche 10.
Bf4.} (10. Bf4 Bd6 11. Nd4 Nxd3 12. Bxd6 Qxd6 13. Nf3 b5 14. cxd3 Bb7 15. h3
Ne5 16. Nxe5 Qxe5 17. d4 Qf4 18. a3 Rc8 19. Qd3 O-O 20. Rad1 f5 21. e5 Rc7 22.
Rfe1 Rfc8 23. Re3 Qh4 24. Rg3 h6 25. d5 Rxc3 26. bxc3 Bxd5 $17 {1/2-1/2 Timman,
J-Ribli,Z/Reykjavik 1988/CBM 10 (51)}) 10... Nxe5 $5 $146 {Auf diese Weise
vermeidet Schwarz theoretische Bahnen. In der bekannten Partie Ponomariov,R -
Sadler,M Enghiens-les-Bains 1999 bekam Weiß gewinnversprechenden Angriff, aber
die Partie endete Remis.} (10... Nxe3 11. Qh5 g6 12. Qf3 Qxe5 13. fxe3 Qg7 (
13... f6 $5 14. Qxf6 Qxf6 15. Rxf6 Bg7 $44) 14. Qf4 d6 {[#]} 15. e5 $40 {
1/2-1/2 Ponomariov,R-Sadler,M/Enghien-les-Bains 1999/CBM 70/[Ribli] (44)}) 11.
f4 Nc4 {[%mdl 8]} (11... Bc5 12. Bxc5 (12. Qe2 $14) 12... Qxc5+ 13. Kh1 $14) (
11... Nxd3 12. cxd3 b5 13. Rc1 $36 {[%cal Gc1c7] Die Opposition von Turm und
Dame ist sehr unangenehm für Schwarz.}) 12. Bxc4 {Weiß muss das Läuferpaar
hergeben.} Qxc4 {Eine interessante Stellung - Weiß hat großen
Entwicklungsvorsprung, aber die Realisierung dieses Vorteils ist nicht leicht.}
13. f5 (13. Qd3 $5 Qxd3 14. cxd3 b5 15. Rac1 Bb7 16. Ne2 $14) 13... Bc5 $1 14.
Qd2 $6 {Dieser Zug ist weniger stark - die Alternative 14.Qf3 erscheint mir
logischer.} (14. Qf3 b5 15. Bxc5 (15. e5 Bb7 $1 16. Qxb7 Bxe3+ 17. Kh1 O-O 18.
f6 $40) 15... Qxc5+ 16. Kh1 Qc7 {Schwarz verteidigt den Pf7, denn nach 17.fxe6
kann er dxe6 spielen.} (16... Ra7 $6 17. Qg3 $14) 17. Rad1 $36) 14... b5 15. b3
$6 (15. Rad1 $5 O-O (15... b4 16. Na4 Bxe3+ 17. Qxe3 $14) 16. b3 Bxe3+ 17. Qxe3
Qc7 18. f6 $36) 15... Bxe3+ 16. Qxe3 Qc7 $13 {[%cal Gc7a7,Ga7g1]} 17. Qd4 (17.
Kh1 Bb7 $11) 17... Qa7 {Schwarz tauscht die Damen und erhält ein Endspiel mit
mindestens gleichen Chancen.} 18. Rfd1 Ke7 $1 $15 {Nach dem Damentausch steht
der schwarze König gut im Zentrum.} 19. e5 (19. a4 b4 20. Na2 a5 21. c3 bxc3
22. Nxc3 Ba6 $15 {[%csl Rb3] Der Pb3 ist gefährdet - Schwarz hat große
Initiative am Damenflügel.}) 19... Bb7 (19... Qxd4+ 20. Rxd4 exf5 21. Nd5+ Kd8
22. Rf1 g6 23. g4 $40) 20. f6+ (20. Qxa7 Rxa7 21. fxe6 dxe6 22. Ne2 (22. b4 Rc8
23. Rd3 Rc4 24. a3 Be4 $17) 22... Rc8 $15) 20... gxf6 21. exf6+ Kd8 22. Qxa7
Rxa7 {[%mdl 4096]} 23. Rd3 $6 (23. a4 b4 24. Na2 Rg8 25. g3 a5 26. c3 bxc3 27.
Nxc3 Bc6 $15) 23... Rg8 24. Rg3 $2 {Auf diese Weise befreit sich Weiß vom
positionellen Druck auf der g-Linie, nimmt dafür aber eine Schwächung seiner
Bauernstruktur in Kauf.} (24. g3 Rg6 $15) 24... Rxg3 25. hxg3 Ra8 (25... Ba8
$15 {[%cal Ga7c7,Gc7c2]}) 26. Ne2 Rc8 27. c3 Rc5 {[%csl Gc5][%cal Gc5h5]} 28.
Rf1 (28. a4 $142) 28... Re5 29. Rf2 (29. Kf2 Bxg2 $17) 29... Re3 $1 {[%csl Ge3]
Der Turm steht ausgezeichnet auf e3.} 30. Kh2 (30. Kf1 Be4 31. Ke1 Bd3 32. Kd2
Rxe2+ 33. Rxe2 Bxe2 34. Kxe2 {Das Bauernendspiel ist gewonnen für Schwarz.} d5
35. g4 h6 36. Kd3 Kd7 37. c4 bxc4+ (37... dxc4+ 38. bxc4 b4 39. c5 Kc6 40. Kc4
a5 41. g3 e5 $19) 38. bxc4 Kd6 $19) 30... Rd3 31. a4 {Dieser Zug hätte früher
kommen sollen, jetzt schwächt er den weißen Damenflügel.} bxa4 32. bxa4 Rd2 {
[%csl Gd2,Re2]} 33. Kg1 Ra2 $17 {[%cal Ra2a4]} 34. c4 Rxa4 {Schwarz hat schon
einen Mehrbauern und ausgezeichnete Gewinnchancen.} 35. Rf4 Ra2 (35... a5 $17)
36. Kf2 Ra5 37. Ke3 $2 {Weiß verliert eine weiteren Bauern, aber guter Rat ist
hier schon teuer.} (37. Rh4 Rf5+ 38. Ke3 Rxf6 39. Rxh7 e5 $19 {[%csl Re2]})
37... Bxg2 $19 38. Rh4 Re5+ {Weiß gab in verlorener Stellung auf - er hat zwei
Bauern weniger und keinerlei Kompensation.} 0-1

[Event "EU-ch 4th"]
[Site "Istanbul"]
[Date "2003.05.30"]
[Round "1"]
[White "Yagupov, Igor"]
[Black "Neverov, Valeriy"]
[Result "0-1"]
[WhiteElo "2454"]
[BlackElo "2583"]
[Annotator "Ribli,Z"]
[PlyCount "120"]
[EventDate "2003.05.30"]
[EventType "swiss"]
[EventRounds "13"]
[EventCountry "TUR"]
[SourceTitle "CBM 096"]
[Source "ChessBase"]
[SourceDate "2003.09.25"]
[SourceVersion "1"]
[SourceVersionDate "2003.09.25"]
[SourceQuality "1"]

1. e4 c5 2. Nf3 e6 3. d4 cxd4 4. Nxd4 Nc6 5. Nc3 Qc7 6. Be3 a6 7. Qd2 Nf6 8.
O-O-O Bb4 9. f3 Ne5 10. Nb3 b5 11. Bd4 Be7 12. Qg5 (12. Kb1) (12. Qf2) 12...
Ng6 (12... d6 13. Qxg7 Rg8 14. Qh6 b4 15. Na4 Rb8 16. Bxe5 dxe5 17. Kb1 Rg6 18.
Qe3 Bd7 19. Rxd7 Nxd7 20. Nd2 Rd8 21. Qe1 Nb8 22. b3 Qd7 23. Bd3 Rxg2 {0-1
Kasimdzhanov,R-Ye Jiangchuan/ Jodhpur IND 2003/ (42)}) 13. Qg3 Qxg3 $146 {
[%mdl 4] Das ist eine - wahrscheinlich zu Hause vorbereitete - Verbesserung
für Schwarz.} (13... Bd6 14. Qf2 Rb8 (14... Bxh2 15. Ne2 (15. g4 Bf4+ 16. Kb1
$44) 15... Be5 16. Bb6 Qb8 17. g4 h6 18. Be3 d5 19. Nbd4 Bd7 20. g5 hxg5 21.
Rxh8+ Nxh8 22. Bxg5 Ng6 23. Bg2 Nf4 {1-0 Cheparinov,I-Iotov,V/Sofia BUL 2003/ 
(61)}) 15. Kb1 O-O 16. Bc5 Bxc5 17. Qxc5 Qxc5 18. Nxc5 Rb6 19. a4 {1-0 Leko,
P-Vallejo Pons,F/Linares ESP 2003/(43) Ribli.}) (13... e5 14. Be3 d6 (14... Bb7
15. Qf2 Bb4 16. Bb6 Qc8 17. Nd5 $13) 15. Qf2 Rb8 16. Kb1 O-O 17. g4 b4 18. Ne2
a5 19. g5 a4 20. Nbc1 Nh5 21. Ng3 Ngf4 {0-1 Smirnov,P-Geller,J/Togliatti RUS
2003/ (40)}) (13... d6 $5 14. h4 O-O 15. h5 Ne5 16. Kb1 b4 17. Na4 Rb8 18. Qf2
Bd7 19. Bxe5 dxe5 20. Nac5 Qb6 21. Nd3 Qxf2 22. Nxf2 {1/2-1/2 Yagupov,
I-Gershon,A/Istanbul 2003/CBM96 (32)}) 14. hxg3 $14 {Weiß hat eine geballte
Bauernmasse am Königsflügel, die schwarze Stellung weist auf einigen Feldern
am Damenflügel Schwächen auf.} d6 15. Na5 {[%cal Ga5c6,Gc6e7]} Bd7 16. Bxf6 $6
(16. Nb7 $5 {[%cal Gb7d6]} b4 (16... Bc6 $2 17. Nxd6+ Bxd6 18. Bxf6 $16) 17.
Ne2 (17. Bxf6 Bxf6 18. Nxd6+ Ke7 19. Ne2 Rad8 $44) 17... Ne5 18. Nf4 Bc6 19.
Na5 Bb5 20. Nd3 $14) 16... Bxf6 $15 {Schwarz hat das Läuferpaar. Die
Schwächung des Pd6 ist nicht von großer Bedeutung.} 17. Nb7 (17. Rxd6 Be5 $15 {
[%cal Re5d6,Re5g3]}) 17... Bc6 18. Nxd6+ Ke7 {[%csl Rd6] Der Nd6 befindet sich
in großer Not - es droht 19...Be5 und 19...Rad8.} 19. f4 {[%cal Ge4e5]} (19. e5
Bxe5 20. Nde4 b4 $17) 19... Rad8 20. e5 Nxe5 21. fxe5 Bxe5 {Schwarz hat
momentan nur einen Bauern für die Figur, aber Weiß kann seinen Materialvorteil
nicht halten - er muss den Springer zurückgeben.} 22. Ndxb5 (22. Nde4 Rxd1+ 23.
Kxd1 b4 $17 {[%csl Rc3,Re4] Schwarz gewinnt die Figur zurück und bekommt die
bessere Stellung.}) 22... Rxd1+ (22... axb5 23. Rxd8 Kxd8 $15 (23... Rxd8 24.
Bxb5 Bxg2 25. Rxh7 Bxg3 26. Rxg7 $11)) 23. Kxd1 axb5 24. Bxb5 Bxg2 (24... Bxb5
25. Nxb5 Bxb2 26. Ke2 $15) 25. Rg1 Bf3+ 26. Kd2 h5 $17 {[%csl Ge5,Gf3,Gh5]
Danke des Läuferpaares hat Schwarz positionellen Vorteil. Seine Bauern am
Königsflügel sind gefährlicher als die weißen Bauern am Damenflügel.} 27. a4 g5
{Beide Spieler mobilisieren ihre Bauern.} 28. Ke3 Ba8 29. Be2 f5 (29... Bc7 $1
$17 {[%cal Rc7b6,Rb6g1] Es droht 30...Bb6+. Zudem muss der Rg1 nun immer den
Pg3 decken.}) 30. Bf3 Bxf3 (30... Bxg3 $1 {Wegen des Motivs f5-f4+ kann Weiß
nicht Rxg3 spielen.} 31. Bxa8 Rxa8) 31. Kxf3 Bxc3 32. bxc3 Rc8 {[%mdl 4096]}
33. Ra1 Rxc3+ 34. Ke2 Rxc2+ (34... Rxg3 35. a5 Rc3 36. a6 Rc8 37. a7 Ra8 $17)
35. Kd3 Rc8 (35... Rc7 36. a5 Ra7 37. a6 Kd6 $17) 36. a5 Kf6 37. a6 g4 38. a7
Ra8 39. Kd4 e5+ 40. Kd5 (40. Ke3 Kg5 41. Ra5 h4 $19) 40... f4 41. gxf4 exf4 {
[%csl Ra8,Gf4,Gg4,Gh5] Schwarz hat zwar eine starke Bauernmasse am
Königsflügel, aber sein Ra8 steht schrecklich passiv.} 42. Ke4 f3 (42... Kg5 $2
43. Ra5+ Kh4 44. Kxf4 $11) 43. Kf4 (43. Ke3) 43... Ke6 $6 (43... f2 $1 44. Rf1
(44. Ra6+ Kf7 45. Ra1 Ke6 $19) 44... Rxa7 45. Rxf2 Ra4+ $19) 44. Ra6+ Kd5 45.
Ra5+ Kd4 46. Kg3 (46. Rxh5 Rxa7 47. Kxg4 Rf7 $19) 46... Ke3 47. Re5+ (47. Rxh5
Rxa7 $19) (47. Ra3+ Kd4 48. Ra5 $11 {Hier haben wir dieselbe Stellung wie in
der Partie nach 53.Ra5 vor uns.}) 47... Kd4 48. Ra5 Ke4 (48... Kc4 $17) 49. Ra1
$2 (49. Rxh5 Rxa7 $19) (49. Ra4+ Kd5 50. Ra5+ Kc4 $17) 49... Kd3 (49... h4+ $1
50. Kxh4 (50. Kxg4 f2 $19) 50... f2 51. Kg3 Rxa7 52. Rf1 Ra3+ 53. Kg2 g3 $19)
50. Ra3+ Kc4 51. Ra5 Kc3 $6 {Der schwarze König steht unglücklich auf der
dritten Reihe.} (51... Kd4 $17) 52. Rc5+ $6 (52. Rxh5 Rxa7 53. Kxg4 Rf7 (53...
f2 54. Rf5 $11) 54. Rh3 $11 {[%csl Rf3]}) 52... Kd4 53. Ra5 (53. Rxh5 Rxa7 $19)
53... h4+ $5 {Das ist die letzte Chance für Schwarz - anders kommt er nicht
weiter.} 54. Kxg4 $2 (54. Kxh4 f2 55. Rf5 Rxa7 56. Rxf2 $11) 54... f2 $19 55.
Rf5 Ke3 {[%csl Gf2][%cal Yh4g3] Jetzt sehen wir den großen Unterschied
zwischen 54.Kxh4 und 55.Kxg4! Der Ph4 versperrt dem weißen König das Feld g3.}
56. Re5+ Kd3 (56... Kd2 $19) 57. Rf5 Ke2 58. Re5+ Kf1 59. Kh3 (59. Kxh4 Rxa7
$19 (59... Kg2 60. Rg5+ Kh2 61. Rf5 Rh8+ 62. Rh5 (62. Kg4 Kg2 $19) 62... f1=Q
63. Rxh8 Qh3+ $19)) 59... Rxa7 60. Kh2 Ra1 0-1

[Event "Sakthi"]
[Site "Sakthi"]
[Date "1996.??.??"]
[Round "8"]
[White "Ramesh, Ramachandran B"]
[Black "Miles, Anthony John"]
[Result "0-1"]
[WhiteElo "2415"]
[BlackElo "2635"]
[Annotator "Ribli,Z"]
[PlyCount "74"]
[EventDate "1996.??.??"]
[EventType "tourn"]
[EventRounds "11"]
[EventCountry "IND"]
[EventCategory "9"]
[SourceTitle "CBM 053"]
[Source "ChessBase"]
[SourceDate "1996.08.01"]
[SourceVersion "1"]
[SourceVersionDate "1996.08.01"]
[SourceQuality "1"]

1. e4 c5 2. Nf3 Nc6 3. d4 cxd4 4. Nxd4 Qc7 5. Nc3 e6 6. Be3 a6 7. Bd3 Nf6 8.
O-O Bd6 $5 9. f4 {Weiss versucht mit dem Kasparov's Idee die Stellung zu
verschaerfen.} (9. h3) (9. Nxc6) (9. Kh1 Bf4 $5 10. Bxf4 Qxf4 11. Nxc6 bxc6 12.
Qe2 d5 $13 {Hracek,Z-Short,N/Parnu-A/1996/CBM52/}) 9... Bc5 $1 (9... Nxd4 $6
10. e5 $1 Bc5 11. exf6 Nxc2 12. fxg7 Bxe3+ 13. Kh1 Rg8 14. Qxc2 Rxg7 15. Rae1
$36 {Azmayparashvili,Z-Kurajica,B/Strumica?/1995/INF64,192/}) 10. Nf5 Bxe3+ $1
{Miles waehlt eine sichere Fortsetzung.} (10... Ne7 $6 {[#] Jetzt gewinnt der
Nachziehende eine Figur, aber dafuer bekommt Weiss eine sehr gefaehrliche
Initiative.} 11. Nxg7+ Kf8 12. Bxc5 Qxc5+ 13. Kh1 Kxg7 14. e5 Ne8 15. Ne4 Qc7
16. Qh5 $44 {Topalov,V-Huebner,R/Wijk/1996/CBM51/INF65,189/}) 11. Nxe3 d6 12.
Kh1 (12. Qe1 $5 O-O 13. Qh4 $36) (12. g4 $2 Qb6 $1 $36 {>< e3,g4,b2}) 12... O-O
13. g4 b5 14. g5 Nd7 {Der erste neue Zug.} 15. Rf3 (15. Qh5 Bb7 16. f5 Nce5
$132 {Timman,J-Short,N/Amsterdam VSB/1996/CBM52/}) 15... Bb7 16. Rh3 {Droht /\
Qh5} g6 17. Qg4 Nd4 18. Qh4 (18. a3 f5 $1 19. Qh4 Rf7 $132 {>< e4}) 18... h5
19. gxh6 b4 20. Ncd1 Qd8 {[#] Zum richtigen Zeitpunkt will Schwarz die Dame
tauschen.} 21. Qxd8 Raxd8 {Schwarz hat mehr als genuegend Kompensation fuer
den Bauern. >< e4,f4} 22. Kg1 Nc5 23. Nf2 Nxd3 24. cxd3 Ne2+ 25. Kf1 Nxf4 {
Rueckeroberung des Bauern und Vorteil fuer Schwarz, der ein sehr gutes
"Geschaeft" abgeschlossen hat: die starken und stabilen Bauern -d6,e6,f7,g6-
gegen die schwachen Bauern -d3,e4,h6,h2-.} 26. Rf3 e5 $1 {Miles befestigt
seinen Riesenspringer.} 27. Nc4 f5 $1 28. Rg3 fxe4 29. dxe4 Bc6 30. Ke1 Bb5 31.
Ne3 $6 {Weiss will jetzt mit diesem Manoever seinen h-Bauern decken, aber der
Preis wird zu hoch sein.} (31. b3) 31... Kh7 32. Neg4 Rc8 $1 {[#] Natuerlich
besetzt Schwarz die offene Linie.} 33. Rd1 Rc6 34. Rd2 Ne6 $1 35. Rd1 Nd4 36.
Nd3 Rc2 37. Rd2 (37. Re3 Rg2 $19) 37... Rc1+ $1 {[#] Ein eleganter Abschluss
der Partie.} (37... Rc1+ 38. Rd1 (38. Nxc1 Rf1#) 38... Rf1+ $1 39. Kxf1 Rxd1+
$19) 0-1

[Event "Miskolc"]
[Site "Miskolc"]
[Date "2004.03.16"]
[Round "6"]
[White "Antal, Gergely"]
[Black "Goloshchapov, Alexander"]
[Result "0-1"]
[WhiteElo "2498"]
[BlackElo "2572"]
[Annotator "Ribli,Z"]
[PlyCount "112"]
[EventDate "2004.03.10"]
[EventType "tourn"]
[EventRounds "9"]
[EventCountry "HUN"]
[EventCategory "12"]
[SourceTitle "CBM 100"]
[Source "ChessBase"]
[SourceDate "2004.06.01"]
[SourceVersion "1"]
[SourceVersionDate "2004.06.01"]
[SourceQuality "1"]

1. e4 c5 2. Nf3 Nc6 3. d4 cxd4 4. Nxd4 e6 5. Nc3 Qc7 6. Be3 a6 7. Bd3 Nf6 8.
O-O Bd6 {Das ist eine selten gespielte Fortsetzung - die Alternativen sind: 8..
.b5, 8...Nxd5, 8...h5, 8...d6 und hauptsächlich 8...Ne5.} 9. f4 {Das ist eine
sehr scharfe Fortsetzung, sicherer ist 9.h3 oder 9.Nxc6.} Bc5 {Ich muss
anmerken, dass wir eine ähnliche Stellung mit der Zugfolge 8...Ne5 9.h3 Bc5 10.
f4 Nc6 bekommen, der einzige Unterschied ist, dass Weiß dort schon den Zug
h2-h3 gespielt hat.} 10. Nf5 (10. e5 $6 {Dieser Zug führt zu großen
Komplikationen.} Nxe5 $1 11. fxe5 Qxe5 12. Kh1 Qxe3 13. Nf5 Qg5 $17) 10...
Bxe3+ {Das ist die beste Fortsetzung für Schwarz. Weiß bekommt nun etwas
Initiative, aber die schwarze Stellung bleibt fest.} (10... Ne7 {Mit diesem
Zug gewinnt Schwarz Material, aber Weiß bekommt mehr als ausreichende
Kompensation.} 11. Nxg7+ Kf8 12. Bxc5 Qxc5+ 13. Kh1 Kxg7 14. e5 Ne8 15. Ne4 Qc7
16. Qh5 Ng6 17. Nf6 $1 $40 (17. Rf3)) 11. Nxe3 d6 12. Qf3 {Eine interessante
Idee. Früher platzierte Weiß die Dame auf e1. Jetzt besteht der weiße Plan
darin, entweder Qg3 oder Qh3 zu spielen.} (12. Qe1 b5 (12... O-O 13. Qh4 $36)
13. a3 Rb8 14. Kh1 b4 15. axb4 Nxb4 16. Qg3 O-O {1/2-1/2 Bobras,P-Schlosser,P/
Cappelle la Grande FRA 2003/(28)}) (12. Kh1 b6 $5 13. Qe1 (13. Ng4 Nxg4 (13...
Nd7 14. Qe2 Bb7 15. Rae1 Nc5 16. Nd5 exd5 17. exd5+ Ne7 18. f5 f6 19. Rf3 Bxd5
20. Re3 Ra7 21. Bc4 Bxc4 22. Qxc4 Qd8 23. Nf2 d5 24. Qe2 Kf7 {0-1 Smirnov,
P-Bocharov,D/Ufa 2000/EXT 2001 (37)}) 14. Qxg4 O-O 15. Rf3 Ra7 16. Rh3 f6 17.
a3 b5 18. e5 f5 19. Qh4 h6 {0-1 Olenin,N-Fominyh,A/St Petersburg RUS 2000/(57)}
) 13... Bb7 14. Qh4 (14. Nc4 b5 15. Nxd6+ Qxd6 16. e5 Qe7 17. exf6 gxf6 18. a4
b4 19. Ne4 f5 20. Nd2 Rg8 21. Rf2 h5 22. Bxf5 exf5 23. Re2 Rxg2 24. Kxg2 Nd4+ {
1/2-1/2 Cernousek,L-Priehoda,V/Lilie Litomysl CZE 2003 (48)}) 14... O-O-O $11
15. Qf2 {[%cal Gf2b6]} Kb8 {1/2-1/2 Motylev,A-Kobalija,M/Linares 2001/CBM 81/
[Ribli] (66)}) 12... O-O 13. Kh1 b5 (13... b6) 14. Qh3 h6 {Schwarz verteidigt
sich gegen die möglichen Drohungen gegen h7.} (14... Bb7 $2 15. e5 $1 dxe5 16.
Ncd5 $3 (16. fxe5 $2 Nxe5 17. Rxf6 Nxd3 $19) (16. Ned5 $3) 16... exd5 17. Nxd5
$18 {Nach meiner persönlichen Meinung stehen die Springer weniger gut auf c3
und auf e3, aber hier gewinnt diese Springerplatzierung jedenfalls die Partie!}
) 15. Rae1 Bb7 $11 {Schwarz hat eine feste Stellung und es ist nicht leicht,
den Angriff mit Weiß fortzusetzen.} 16. a3 (16. Ng4 Nxg4 17. Qxg4 b4 $11) (16.
f5 Rae8 $13 {[%cal Gc6e5]}) 16... b4 {Schwarz beginnt aktives Spiel am
Damenflügel.} (16... Rad8 $11) 17. axb4 Nxb4 {[%csl Gb4][%cal Gb4d3] Der b4N
steht gut, weil er jederzeit den Bd3 nehmen kann. Der Nachteil des Zuges ist,
dass der Springer auf b4 weit vom Königsflügel entfernt steht.} 18. e5 $1 {
Weiß findet den richtige Moment für diesen Zentrumsdurchbruch.} (18. Ng4 Nxg4
19. Qxg4 Nxd3 20. cxd3 Qb6 $11) 18... Nxd3 (18... Nfd5 19. Ncxd5 Nxd5 20. Ng4
$40) 19. exf6 $2 {Dieser Zug ist ziemlich optimistisch - Weiß möchte am
Königsflügel angreifen, aber er hat dort keine nützliche Majorität. Es wäre
viel besser mit 19. cxd3 fortzusetzen.} (19. cxd3 Nd7 (19... dxe5 $6 20. fxe5
Qxe5 (20... Nd7 21. Ng4 $40) 21. Nf5 $16) 20. Nc4 dxe5 (20... d5 21. Nd6 Bc6
22. d4 $36) 21. fxe5 Rad8 $13) 19... Nxe1 20. Rxe1 Qc5 $1 $17 {[%csl Gc5][%cal
Gc5h5][%mdl 256] Ein starker Verteidigungszug - Schwarz bringt die Dame in die
Verteidigung.} 21. Qh4 (21. fxg7 Kxg7 22. Ng4 Rh8 23. Qh4 Qf5 $19) (21. f5 Qe5
$17) 21... Qd4 {[%cal Gd4f6]} 22. fxg7 (22. Ng4 Qxf4 $19) 22... Kxg7 (22...
Qxg7 23. Qe7 Rab8 24. Qxd6 Rfd8 $17) 23. Qg3+ Kh7 24. Rd1 Qb4 25. f5 Rg8 {
[%cal Gb7h1,Gg8g2]} (25... Qxb2 $19) 26. Qxd6 Qxd6 {Der Damentausch ist die
sichere und praktische Fortsetzung, aber 26...Qxb2 ist noch besser.} (26...
Qxb2 $19) 27. Rxd6 Rad8 28. Rb6 (28. Rxd8 Rxd8) 28... Rb8 {Droht 29...Bxg2+.}
29. Kg1 exf5 30. Rf6 Bc8 $2 (30... Kg7 $1 31. Rxf5 Bc8 $19 {[%cal Rb8b2,Rc8f5]}
) 31. Rxf7+ Kg6 (31... Rg7 32. Rf8 f4 $17) 32. Rc7 $132 Rxb2 33. Ncd5 {[%csl
Gd5,Ge3,Rg6] Weiß hat einige Gegenchancen, weil der schwarze König etwas
exponiert steht.} Re8 34. Rxc8 $2 {Mit diesem Zug gewinnt Weiß Material, aber
er verliert die Partie.} (34. Nf4+ Kf6 (34... Kg5 35. Ned5 $1 {[%cal Rc7g7,
Rg7g5]} Rg8 36. Rc3 $18 {[%cal Rc3g3,Rg3g5]}) 35. Ned5+ Ke5 36. Nd3+ {[%cal
Rd3e5,Rd3b2]} Kxd5 37. Nxb2 $11) 34... Rxc8 35. Ne7+ Kg5 36. Nxc8 {[%mdl 4096]
Weiß hat zwei Springer gegen den Turm, aber im nächsten Zug verliert er den
c2-Bauern und der schwarze a-Bauer ist kaum aufzuhalten.} f4 $17 37. Nc4 (37.
Nd5 $142 Rxc2 38. Nd6 a5 39. Nf7+ Kg6 40. Nd6 a4 41. Nxf4+ Kh7 $17) 37... Rxc2
38. N8b6 Kf5 {[%cal Gf5e4]} 39. g3 {Es ist verständlich, dass Weiß das
Material reduziert.} Ra2 {Bei zwei Springern auf dem Brett muss Schwarz immer
vorsichtig sein - nach 39...f3?? kommt 40.Ne3+.} 40. gxf4 Kxf4 {[%csl Ga2,Gf4]
Schwarz hat einen aktiven König und Turm, was ihm ausgezeichnete Gewinnchancen
gibt.} 41. Nd5+ Kg4 42. Nc3 Ra1+ (42... Rc2 $4 43. Ne3+ $18) 43. Kg2 Rc1 44.
Ne3+ Kh4 45. Ne4 a5 {[%csl Ga5]} 46. Kf3 a4 {[%csl Re3,Re4][%cal Gc1c8] Die
weißen Springer sind sehr weit vom a-Bauern entfernt und am Königsflügel hat
Weiß kein ausreichendes Gegenspiel.} 47. Ng2+ Kh3 48. Nf2+ Kxh2 49. Ng4+ Kg1
50. Nf4 Rf1+ 51. Kg3 Rxf4 $1 $19 {Auf diese Weise gewinnt Schwarz leicht.} 52.
Kxf4 a3 53. Ne3 a2 54. Nc2 Kf2 55. Ke4 (55. Kg4 Ke2 56. Kh5 Kd2 57. Na1 Kc3 $19
{Beim a-Bauern funktioniert die Springerrunde nicht - Weiß ist verloren.})
55... h5 56. Na1 h4 0-1